|
|
|
|
| LEADER |
00000nam0a2200000 4500 |
| 001 |
1953 |
| 005 |
20251211171008.0 |
| 010 |
|
|
|a 524400820X
|
| 035 |
|
|
|a (RuTPU)RU\TPU\book\1962
|
| 035 |
|
|
|a BOOK00001964
|
| 090 |
|
|
|a 1953
|
| 100 |
|
|
|a 20011209d1996 km y0rusy50 ca
|
| 101 |
0 |
|
|a rus
|
| 102 |
|
|
|a RU
|
| 105 |
|
|
|a y z 000zd
|
| 200 |
1 |
|
|a Екатерининские орлы
|f И. А. Заичкин, И. Н. Почкаев
|
| 210 |
|
|
|a Москва
|c Мысль
|d 1996
|
| 215 |
|
|
|a 351 с.
|
| 600 |
|
1 |
|a Суворов
|b А. В.
|c русский полководец
|f 1730 - 1800
|g Александр Васильевич
|c генералиссимус
|2 stltpui
|3 (RuTPU)RU\TPU\pers\454
|
| 600 |
|
1 |
|a Потемкин-Таврический
|g Григорий Александрович
|b Г. А.
|c российский государственный и военный деятель
|c генерал-фельдмаршал
|f 1739 - 1791
|2 stltpui
|3 (RuTPU)RU\TPU\pers\257
|
| 600 |
|
1 |
|a Румянцев-Задунайский
|g Петр Александрович
|b П. А.
|c российский полководец
|c граф
|c генерал-фельдмаршал
|f 1725 - 1796
|2 stltpui
|3 (RuTPU)RU\TPU\pers\1263
|
| 600 |
|
1 |
|a Орлов
|g Алексей Григорьевич
|b А. Г.
|c русский граф
|c генерал-аншеф
|f 1737 - 1807/1808
|c Чесменский
|2 stltpui
|3 (RuTPU)RU\TPU\pers\1265
|
| 600 |
|
1 |
|a Орлов
|b Г. Г.
|c русский граф
|c фаворит Екатерины II
|f 1734 - 1783
|g Григорий Григорьевич
|2 stltpush
|3 (RuTPU)RU\TPU\pers\12051
|9 3137
|
| 600 |
|
1 |
|a Ушаков
|g Федор Федорович
|b Ф. Ф.
|c российский флотоводец
|f 1745 - 1817
|2 stltpui
|3 (RuTPU)RU\TPU\pers\897
|
| 600 |
|
1 |
|a Дашкова
|b Е. Р.
|f 1744 - 1810
|g Екатерина Романовна
|c русская княгиня
|c деятель русской культуры
|2 stltpush
|3 (RuTPU)RU\TPU\pers\6027
|
| 606 |
|
|
|a Россия
|x История
|z 1762-1801
|9 81862
|
| 610 |
1 |
|
|a история России
|
| 610 |
1 |
|
|a 18 век
|
| 686 |
|
|
|a Т3(2)513
|2 rubbk
|
| 700 |
|
1 |
|a Заичкин
|b И. А.
|g Иван Алексеевич
|
| 701 |
|
1 |
|a Почкаев
|b И. Н.
|g Иван Николаевич
|
| 801 |
|
0 |
|a RU
|b 63413507
|c 20011209
|g PSBO
|
| 801 |
|
2 |
|a RU
|b 63413507
|c 20141031
|g PSBO
|
| 942 |
|
|
|c BK
|